书目信息 |
| 题名: |
电子技术完全实践
|
|
| 作者: | 彼德鲁利斯 著 ;张宝玲 译 | |
| 分册: | ||
| 出版信息: | 北京 科学出版社 2007.02 |
|
| 页数: | 353页 | |
| 开本: | 24cm | |
| 丛书名: | ||
| 单 册: | ||
| 中图分类: | TN | |
| 科图分类: | ||
| 主题词: | 通信技术 | |
| 电子资源: | ||
| ISBN: | 7-03-016619-1 | |
| 000 | 00675 nam 000229 | |
| 001 | 0100001888 | |
| 005 | 20070903100855.96 | |
| 010 | @a7-03-016619-1@dCNY48.00 | |
| 100 | @a20070806d2007 em y0chiy0121 ea | |
| 101 | @achi | |
| 102 | @aCN@b110000 | |
| 105 | @ay z 000yy | |
| 200 | 10 | @a电子技术完全实践@9dian zi ji shu wan quan shi jian@f(美)彼德鲁利斯著@F( mei ) bi de lu li si zhu@g张宝玲译@Gzhang bao ling yi |
| 210 | @a北京@c科学出版社@d2007.02 | |
| 215 | @a353页@d24cm | |
| 606 | @a通信技术 | |
| 690 | @aTN@v4 | |
| 701 | 0 | @a彼德鲁利斯@9bi de lu li si@4著 |
| 702 | @a张宝玲@9zhang bao ling@4译 | |
| 801 | @aCN@c20070903 | |
| 901 | @a000003 | |
| 905 | @dTN@eB737 | |
| 电子技术完全实践/(美)彼德鲁利斯著/张宝玲译.-北京:科学出版社,2007.02 |
| 353页;24cm |
| ISBN 7-03-016619-1:CNY48.00 |
| ● |
| 相关链接 |
|
|
|
正题名:电子技术完全实践
索取号:TN/B737
 
预约/预借
| 序号 | 登录号 | 条形码 | 馆藏地/架位号 | 状态 | 备注 |
| 1 | 644022 | 206440225 | 自科二线404/301自科库 16排1列1层/ [索取号:TN/B737] | 在馆 | |
| 2 | 644023 | 206440234 | 自科库301/301自科库 22排4列2层/ [索取号:TN/B737] | 在馆 | |
| 3 | 644024 | 206440243 | 自科库301/301自科库 22排4列2层/ [索取号:TN/B737] | 在馆 |